[Event "Addis Ababa zt 4.4"]
[Site "Addis Ababa"]
[Date "2022.05.04"]
[Round "4"]
[White "Ahmed Hassan, Ahmed"]
[Black "Shiferaw, Yalemzewde Mekonnen"]
[Result "1-0"]
[WhiteElo "2136"]
[BlackElo "1995"]
[PlyCount "53"]
[EventDate "2022.05.02"]
[EventType "swiss"]
[EventRounds "9"]
[EventCountry "ETH"]
[SourceTitle "CBM 208 Extra"]
[Source "ChessBase"]
[SourceDate "2022.07.31"]
[SourceVersion "1"]
[SourceVersionDate "2022.07.31"]
[SourceQuality "1"]

1. d4 Nf6 2. Nf3 e6 3. e3 b6 4. Bd3 Bb7 5. Nbd2 d5 6. 0-0 Nbd7 7. b3 Bd6 8. Bb2 Ne4 9. c4 0-0 10. cxd5 exd5 11. Ne5 Qe7 12. f4 f6 13. Nxe4 dxe4 14. Bc4+ Kh8 15. Nxd7 Qxd7 16. Qh5 Qe7 17. Rad1 Bc6 18. g4 Qe8 19. Qh3 Bb5 20. Rd2 Bxc4 21. bxc4 Qa4 22. Rg2 Qxc4 23. g5 Qf7 24. g6 Qg8 25. Rg4 h6 26. Rh4 Rfe8 27. Rxh6+ 1-0

[Event "Online Olym Div4 C"]
[Site "Chess.com INT"]
[Date "2020.07.31"]
[Round "2.5"]
[White "Tomb, Maroun"]
[Black "Ahmed Hassan, Ahmed"]
[Result "1-0"]
[WhiteElo "2084"]
[BlackElo "2105"]
[PlyCount "63"]
[EventDate "2020.07.31"]
[EventType "team-tourn (rapid)"]
[EventRounds "9"]
[EventCountry "USA"]
[SourceTitle "CBM 198"]
[Source "ChessBase"]
[SourceDate "2020.10.31"]
[SourceVersion "1"]
[SourceVersionDate "2020.10.31"]
[SourceQuality "1"]
[WhiteTeam "Lebanon"]
[BlackTeam "Sudan"]
[WhiteTeamCountry "LBN"]
[BlackTeamCountry "SUD"]

1. e4 c5 2. Ne2 d6 3. g3 Nc6 4. Bg2 Bg4 5. h3 Bh5 6. f4 e6 7. g4 Qh4+ 8. Kf1 Bg6 9. f5 Nf6 10. Qe1 Qxe1+ 11. Kxe1 0-0-0 12. fxg6 hxg6 13. d3 d5 14. exd5 exd5 15. Bf4 Be7 16. Nbc3 d4 17. Nb5 Nd5 18. Bxd5 Rxd5 19. a4 Bh4+ 20. Kd2 g5 21. Bg3 Re8 22. Nc7 Rxe2+ 23. Kxe2 Rd7 24. Bxh4 gxh4 25. Nb5 a6 26. Na3 Nb4 27. Nc4 Re7+ 28. Kd2 b5 29. axb5 axb5 30. Nd6+ Kd7 31. Nxb5 Re4 32. dxe4 1-0

[Event "Mombasa zt 4.2"]
[Site "Mombasa"]
[Date "2019.05.06"]
[Round "3"]
[White "Kenea, Endale Mekonnen"]
[Black "Ahmed Hassan, Ahmed"]
[Result "1/2-1/2"]
[WhiteElo "1789"]
[BlackElo "2082"]
[PlyCount "119"]
[EventDate "2019.05.05"]
[EventType "swiss"]
[EventRounds "9"]
[EventCountry "KEN"]
[SourceTitle "CBM 190 Extra"]
[Source "ChessBase"]
[SourceDate "2019.07.15"]
[SourceVersion "1"]
[SourceVersionDate "2019.07.15"]
[SourceQuality "1"]

1. e4 c5 2. Nf3 g6 3. Bc4 Bg7 4. c3 e6 5. d4 cxd4 6. cxd4 d5 7. exd5 exd5 8. Bb5+ Bd7 9. Bxd7+ Qxd7 10. 0-0 Nc6 11. Re1+ Nge7 12. Nc3 0-0 13. Bf4 Rad8 14. Qd2 Nf5 15. Ne2 Rfe8 16. h3 Re4 17. Be3 Rde8 18. Nc3 R4e7 19. g4 Nfxd4 20. Nxd4 Nxd4 21. Bxd4 Rxe1+ 22. Rxe1 Rxe1+ 23. Qxe1 Bxd4 24. Qd2 Bxc3 25. bxc3 Qb5 26. Kg2 Qc4 27. Kg3 b5 28. Qe3 Qc7+ 29. Kg2 Qc6 30. f3 a5 31. h4 b4 32. cxb4 axb4 33. h5 Kf8 34. Qh6+ Kg8 35. Qe3 Qe6 36. Qd2 Qd6 37. h6 f6 38. Qd4 Kf7 39. Qa7+ Qe7 40. Qa8 g5 41. Qxd5+ Kg6 42. Kh3 Kxh6 43. Qc4 Kg7 44. Kg2 Qf7 45. Qxb4 Qxa2+ 46. Kg3 Qf7 47. Qe4 Qc7+ 48. Kh3 Qd7 49. Kg3 Qf7 50. Kg2 h5 51. gxh5 Kh6 52. Qf5 Kxh5 53. Kf2 Kh6 54. Qc8 Kg7 55. Qf5 Qc7 56. Kg2 Qe7 57. Kf2 Kh6 58. Qc8 Kg7 59. Qf5 Qc7 60. Kg2 1/2-1/2